000 00338nam a22001457a 4500
008 230124b ||||| |||| 00| 0 eng d
020 _a9781457640810
041 _aeng
080 _2TENTH EDITION
_a37
082 _a37
100 _a23
101 _aEDUKI
245 _aTHE ST.MARTIN'S GUIDE TO WRITING
_cAXELROD B R
942 _2udc
_cBK
999 _c59262
_d59262